What price (Record no. 79371)

MARC details
000 -LEADER
fixed length control field 01126cab a22002055a 4500
001 - CONTROL NUMBER
control field L140870
008 - FIXED-LENGTH DATA ELEMENTS--GENERAL INFORMATION
fixed length control field 071016s2007 xxk f 000 0 eng d
035 ## - SYSTEM CONTROL NUMBER
System control number (Sirsi) u140870
041 0# - LANGUAGE CODE
Language code of text/sound track or separate title eng
100 1# - MAIN ENTRY--PERSONAL NAME
Personal name Lemon, Angela
245 00 - TITLE STATEMENT
Title What price
Remainder of title a sustainable home?
260 ## - PUBLICATION, DISTRIBUTION, ETC.
Date of publication, distribution, etc. 2007
490 #0 - SERIES STATEMENT
Series statement Construction Manager
Volume/sequential designation October 2007, 19-22(4)
520 ## - SUMMARY, ETC.
Summary, etc. Illustrates how much energy a sustainable house will save each year and identifies the costs, savings and payback involved. Looks at whole house ventilation, ground source heat pumps, solar water heating, photovoltaic electricity, roof-mounted wind turbine, rainwater harvesting, combined heat and power, low energy equipment, waste management, traditional measures such as double glazing and roof lagging, and green energy tariffs. Also provides indicative costs for improving a typical two/three-bedroom home's energy footprint, with and without the use of renewable technologies.
590 ## - LOCAL NOTE (RLIN)
Local note KA
651 #4 - SUBJECT ADDED ENTRY--GEOGRAPHIC NAME
Geographic name United Kingdom
Chronological subdivision
690 ## - LOCAL SUBJECT ADDED ENTRY--TOPICAL TERM (OCLC, RLIN)
Topical term or geographic name as entry element ENVIRONMENTAL AND LAND CONSULTANCY-ENERGY-ENERGY USE-ENERGY EFFICIENCY
700 1# - ADDED ENTRY--PERSONAL NAME
Personal name Keech, Terry
942 ## - ADDED ENTRY ELEMENTS (KOHA)
Suppress in OPAC 0
Holdings
Withdrawn status Lost status Source of classification or shelving scheme Damaged status Not for loan Home library Current library Shelving location Date acquired Total Checkouts Full call number Barcode Date last seen Copy number Price effective from Koha item type
    Dewey Decimal Classification     London London Journal article 16/10/2007   L140870 140870-1001 06/08/2019 1 06/08/2019 Journal article